000 00623nam a2200241 a 4500
001 nice12345678
003 IN_TiNIC
005 20260116011430.0
008 050524s1934 laha grp 000 0 urd
020 _a
_c2
082 0 0 _a891.4391
_bSHM
100 _aShamsul Islam, Katheli Naqshbandi
245 _aIsrarul Uloom
260 _aLahore
_bQuraishi Book Agency
_c1934
300 _a328p
500 _aincludes index and biblioraphy
505 2 _aFour Parts Boun Together
650 _aUrdu-Poetry-religious
700 1 _aShamsul Islam, Katheli Naqshbandi
902 _bSRS
942 _cBK
999 _c1479
_d1479